[Event "Werner-Ott-Open Kreuzberger Sommer 2018"]
[Site "Berlin"]
[Date "2018.07.06"]
[Round "7.12"]
[White "Grassi, Fabrizio"]
[Black "Woerz, Markus"]
[Result "0-1"]
[WhiteElo "1872"]
[BlackElo "2007"]
[Annotator "Lange,A1&BB_R_640941"]
[PlyCount "90"]
[EventDate "2018.06.30"]
[EventType "swiss"]
[EventRounds "9"]
[EventCountry "GER"]
[SourceTitle "WOOKS_2018_R7"]
[Source "Andreas Lange"]
[SourceDate "2018.07.06"]
[SourceVersion "1"]
[SourceVersionDate "2018.07.06"]
[SourceQuality "1"]
[WhiteTeam "SV Berlin-Friedrichstadt"]
[BlackTeam "SC Kreuzberg"]
[WhiteTeamCountry "GER"]
[BlackTeamCountry "GER"]

{D00: Damenbauernspiele} 1. d4 Nf6 2. Bf4 d5 3. e3 c5 4. c3 e6 5. Nd2 Nc6 6.
Bd3 Bd6 7. Bxd6 Qxd6 8. f4 cxd4 $146 (8... Nd7 9. Nh3 Ne7 10. O-O b6 11. a4 Bb7
12. Qb1 g6 13. b4 O-O 14. a5 Rab8 15. axb6 axb6 16. bxc5 bxc5 17. Qe1 Ra8 18.
Qe2 c4 19. Bc2 Ra3 20. Rxa3 Qxa3 21. Nb1 Qb2 22. Qd1 Ra8 23. Rf2 {Albrecht,R 
(2067)-Barath,M (2259), Berlin, Lichtenrader Herbst 2017, ½-½ (57)}) 9. cxd4
Bd7 10. a3 Ne7 11. Qe2 O-O 12. Ngf3 Qb6 13. Rb1 Nf5 14. Ne5 Nd6 15. Nxd7 Nxd7
16. O-O g6 17. Rf3 f6 18. Rh3 Rf7 19. Qg4 Nf5 20. Qf3 Qc6 21. g4 Nd6 22. e4
dxe4 23. Nxe4 Nb6 24. Nc5 Qxf3 25. Rxf3 Re7 26. b3 Nd5 27. Re1 Rae8 28. Ne4 Rd8
29. Bc4 Kf7 30. Bxd5 exd5 31. Nxd6+ Rxd6 32. Rxe7+ Kxe7 33. Rh3 Re6 34. Rxh7+
Kd6 35. Rxb7 Re4 36. Rxa7 Rxd4 37. Rb7 Rxf4 38. h3 d4 39. Rb8 Ke5 40. Kg2 d3
41. Re8+ Kd4 42. Kg3 g5 43. a4 Kc3 44. Rc8+ Kxb3 45. a5 d2 0-1

[Event "Werner-Ott-Open Kreuzberger Sommer 2018"]
[Site "Berlin"]
[Date "2018.07.06"]
[Round "7.13"]
[White "Buttkus, Andre"]
[Black "Bui, Bao Anh Le"]
[Result "0-1"]
[WhiteElo "2004"]
[BlackElo "1883"]
[Annotator "Lange,A1&BB_R_640941"]
[PlyCount "60"]
[EventDate "2018.06.30"]
[EventType "swiss"]
[EventRounds "9"]
[EventCountry "GER"]
[SourceTitle "WOOKS_2018_R7"]
[Source "Andreas Lange"]
[SourceDate "2018.07.06"]
[SourceVersion "1"]
[SourceVersionDate "2018.07.06"]
[SourceQuality "1"]
[WhiteTeam "SK Tempelhof 1931"]
[BlackTeam "SV Mattnetz Berlin"]
[WhiteTeamCountry "GER"]
[BlackTeamCountry "GER"]

{D31: Damengambit (Halbslawisch)} 1. d4 d5 2. c4 e6 3. Nc3 c6 4. e4 dxe4 5.
Nxe4 Bb4+ 6. Bd2 Qxd4 7. Bxb4 Qxe4+ 8. Be2 Na6 9. Ba5 (9. Bd6 b6 (9... f6 10.
Nf3 Kf7 11. O-O Ne7 12. Re1 b6 13. Bd3 Qg4 14. Ne5+ {1-0 (14) Wimmer,T (1878)
-Roloff,K (1588), Berlin, Lichtenberger Sommer 2017}) 10. Nf3 Bb7 11. Ne5 f6
12. O-O fxe5 13. Bh5+ g6 14. Re1 Qxc4 15. Be2 Qd5 16. Qxd5 cxd5 17. Bxe5 Nf6
18. Bxa6 Bxa6 19. Bxf6 O-O 20. Rxe6 Rae8 21. Rd6 Bc8 22. Bd4 Rd8 23. Rxd8 Rxd8
{Kalinitschew,S (2478)-Geller,J (2469), Berlin, Lichtenberger Sommer 2005,
½-½ (53)}) 9... f6 10. Qd8+ $146 (10. Nf3 Kf7 11. O-O Qf4 12. Re1 Ne7 13. Bd3
Nc5 14. g3 Qb8 15. Bc2 b6 16. Bc3 Ng6 17. h4 Re8 18. h5 Nf8 19. h6 e5 20. b4
Ncd7 21. hxg7 Kxg7 22. Nh4 Ng6 23. Nf5+ Kg8 24. Nd6 Rd8 {Lorenz,S (2283)
-Noetzel,F (2076), Berlin, Lichtenberger Sommer 2013, 1-0 (33)}) 10... Kf7 11.
O-O-O e5 12. Bd3 Qf4+ 13. Kb1 Qd4 14. Bg6+ hxg6 15. Rxd4 Ne7 16. Qd6 Nf5 17.
Qa3 Nxd4 18. Qe3 Bf5+ 19. Kc1 Nc5 20. Nf3 Nd3+ 21. Kd2 b6 22. Bc3 Nxf3+ 23.
Qxf3 Rad8 24. Ke3 Nf4 25. Rd1 Rxd1 26. Qxd1 Nxg2+ 27. Kf3 Nf4 28. Ke3 Rh3+ 29.
f3 Rxh2 30. a3 Bd3 0-1

[Event "Werner-Ott-Open Kreuzberger Sommer 2018"]
[Site "Berlin"]
[Date "2018.07.06"]
[Round "7.14"]
[White "Rehberg, Raphael"]
[Black "Bruening, Wolfgang"]
[Result "1-0"]
[WhiteElo "2279"]
[BlackElo "1850"]
[Annotator "Lange,A1&BB_R_640941"]
[PlyCount "93"]
[EventDate "2018.06.30"]
[EventType "swiss"]
[EventRounds "9"]
[EventCountry "GER"]
[SourceTitle "WOOKS_2018_R7"]
[Source "Andreas Lange"]
[SourceDate "2018.07.06"]
[SourceVersion "1"]
[SourceVersionDate "2018.07.06"]
[SourceQuality "1"]
[WhiteTeam "SG Lok Brandenburg"]
[BlackTeam "vereinslos"]
[WhiteTeamCountry "GER"]

{C10: Französische Verteidigung (Rubinstein-Variante)} 1. e4 e6 2. d4 d5 3. Nc3
dxe4 4. Nxe4 Nd7 5. Nf3 Ngf6 6. Bg5 Be7 7. Bd3 O-O 8. Qe2 c5 9. dxc5 Nxc5 10.
Nxc5 Qa5+ 11. c3 Qxc5 12. O-O h6 $146 (12... Bd7 13. Ne5 (13. Bxf6 Bxf6 14.
Bxh7+ Kxh7 15. Qd3+ g6 16. Qxd7 Qb6 17. Qd2 Rad8 18. Qc2 Rd5 19. Rad1 Rfd8 20.
Rxd5 Rxd5 21. h3 Qd6 22. Re1 b6 23. Kf1 b5 24. a3 a6 25. Ke2 Qc5 26. Rd1 Qc4+
27. Ke1 Rxd1+ {Busemann,S-Lampe,T, Regionalliga Nord Staffel Sued 1987/88,
Deutschland 1988, 1-0 (42)}) 13... Rad8 (13... Bc6 14. Rae1 Qd5 15. f4 Qc5+ 16.
Kh1 h6 17. Bh4 Nd5 18. Bf2 Qd6 19. Bd4 Bh4 20. Qg4 g5 21. fxg5 Bxg5 22. h4 f6
23. hxg5 {1-0 (23) Archipoff,S-Schwabe, DMM 1948/49 (AdS), Darmstadt 1949}) 14.
Bxf6 (14. Rad1 Bc8 15. Rfe1 b6 16. Qf3 Rd5 17. Qh3 g6 18. Be3 Qc7 19. Bd4 Bc5
20. Bxc5 Qxc5 21. Qe3 Qxe3 22. Rxe3 Rfd8 23. Ree1 Bb7 24. Bc2 Kg7 25. c4 Rd2
26. a3 Nh5 27. g3 f6 {0-1 (27) Rozov,B (2035)-Dyballa,M (2328), Berlin,
Unicorn Open 2005}) 14... Bxf6 15. Bxh7+ Kxh7 16. Qd3+ Kg8 17. Nxd7 Qc7 18.
Nxf6+ gxf6 19. Qf3 Rd5 20. Qxf6 Rfd8 21. Rae1 Rf5 22. Qh6 Rdd5 23. Re4 Rg5 24.
Rh4 Qe5 25. Rc4 Rd8 26. Qh4 Qd5 27. g3 {Rellstab,L-Richter,K, Berlin, BEM 1932,
1-0 (47)}) 13. Be3 Qh5 14. Bd4 Rd8 15. Ne5 Qxe2 16. Bxe2 Nd5 17. f4 f6 18. Nd3
Bd7 19. Rad1 b6 20. Rfe1 Rac8 21. Bf3 Kf7 22. f5 Nc7 23. fxe6+ Bxe6 24. Nf4 Bf5
25. Bh5+ Kf8 26. Ng6+ Bxg6 27. Bxg6 Rd6 28. Bf2 Rcd8 29. Bh5 Rd5 30. Bf3 Rd2
31. Bg3 Bc5+ 32. Kf1 Rxd1 33. Rxd1 Rxd1+ 34. Bxd1 Nd5 35. Bf3 Ne3+ 36. Ke2 Nf5
37. Bb8 a5 38. Kd3 Ke7 39. Kc4 Ne3+ 40. Kb5 Kd8 41. b4 axb4 42. cxb4 Bd4 43. a4
f5 44. Ba7 Nc2 45. Bxb6+ Bxb6 46. Kxb6 Nxb4 47. a5 1-0

[Event "Werner-Ott-Open Kreuzberger Sommer 2018"]
[Site "Berlin"]
[Date "2018.07.06"]
[Round "7.15"]
[White "Bergmann, Jens"]
[Black "Zschaebitz, Klaus"]
[Result "0-1"]
[WhiteElo "1846"]
[BlackElo "2082"]
[Annotator "Lange,A1&BB_R_640941"]
[PlyCount "110"]
[EventDate "2018.06.30"]
[EventType "swiss"]
[EventRounds "9"]
[EventCountry "GER"]
[SourceTitle "WOOKS_2018_R7"]
[Source "Andreas Lange"]
[SourceDate "2018.07.06"]
[SourceVersion "1"]
[SourceVersionDate "2018.07.06"]
[SourceQuality "1"]
[WhiteTeam "SK Tempelhof 1931"]
[BlackTeam "BSG 1827 Eckbauer"]
[WhiteTeamCountry "GER"]
[BlackTeamCountry "GER"]

{C02: Französische Verteidigung (Vorstoßvariante)} 1. e4 e6 2. d4 d5 3. e5 c5
4. c3 Qb6 5. g3 ({Üblich ist} 5. Nf3) 5... Nc6 6. Nf3 Nh6 7. Bh3 Nf5 8. Bxf5
exf5 9. O-O cxd4 10. cxd4 Be7 11. Nc3 Be6 12. a4 h6 13. Nb5 O-O 14. b3 Nb4 15.
Nd6 a5 16. Nh4 Bxd6 17. exd6 Qxd6 18. Qh5 Bd7 19. Nxf5 Qf6 20. g4 Bxf5 21. gxf5
Nc2 22. Rb1 Nxd4 23. Bb2 Qxf5 24. Qxf5 Nxf5 25. Rfd1 Rfd8 26. Rbc1 Rd7 27. Rc5
Ne7 28. Be5 Ra6 29. Kf1 f6 30. Bb2 Kf7 31. Ke2 Re6+ 32. Kf3 b6 33. Rb5 Rc6 34.
Bd4 Rdd6 35. Bb2 Rc5 36. Ba3 Rxb5 37. axb5 Rd7 38. Rc1 Ng6 39. Rc8 Ne5+ 40. Ke2
Rb7 41. f4 Nd7 42. f5 g6 43. Ke3 gxf5 44. Kd4 f4 45. Kxd5 f3 46. Rc2 Ne5 47.
Ke4 Rd7 48. Bb2 Nd3 49. Bd4 Rxd4+ 50. Kxd4 f2 51. Rxf2 Nxf2 52. Kd5 f5 53. Kc6
f4 54. Kxb6 Ne4 55. Kc6 Ke6 0-1

[Event "Werner-Ott-Open Kreuzberger Sommer 2018"]
[Site "Berlin"]
[Date "2018.07.06"]
[Round "7.17"]
[White "Fock, Amina"]
[Black "Kirchhof, Arno"]
[Result "1-0"]
[WhiteElo "1770"]
[BlackElo "2041"]
[Annotator "Lange,A1&BB_R_640941"]
[PlyCount "99"]
[EventDate "2018.06.30"]
[EventType "swiss"]
[EventRounds "9"]
[EventCountry "GER"]
[SourceTitle "WOOKS_2018_R7"]
[Source "Andreas Lange"]
[SourceDate "2018.07.06"]
[SourceVersion "1"]
[SourceVersionDate "2018.07.06"]
[SourceQuality "1"]
[WhiteTeam "SC Zugzwang 95"]
[BlackTeam "SC Zugzwang 95"]
[WhiteTeamCountry "GER"]
[BlackTeamCountry "GER"]

{C18: Französische Verteidigung (Nimzowitsch-Variante)} 1. e4 e6 2. d4 d5 3.
Nc3 Bb4 4. e5 c5 5. a3 Ba5 6. Nf3 (6. Qg4 Ne7 7. dxc5 d4 8. b4 dxc3 9. bxa5 Qd5
10. Nf3 Nbc6 11. Be3 Nf5 12. Qf4 h6 13. Rd1 Qa2 14. Qa4 Nxe3 15. fxe3 Bd7 16.
a6 Qb2 17. Bb5 O-O-O 18. O-O {1-0 (18) Schilow,W (2389)-Schulz,M (2233),
Berlin, Lichtenberger Sommer 2005}) 6... cxd4 $146 (6... Nc6 7. Bb5 Bd7 8. Bxc6
Bxc6 9. O-O Ne7 (9... c4 10. Ne2 Ne7 11. b4 cxb3 12. cxb3 Qd7 13. b4 Bb6 14.
Bb2 O-O 15. Qd2 Bb5 16. Rfc1 a5 17. Nc3 Bc4 18. Ne2 Rfc8 19. Bc3 Nc6 20. Ng3
axb4 21. axb4 Rxa1 22. Rxa1 Bb5 23. Qg5 Qe7 24. Qd2 {Barth,I (1489)-Hahn,M 
(1769), Berlin, Eckbauer Open 1999, 0-1 (32)}) 10. dxc5 Bxc3 11. bxc3 O-O 12.
Be3 Qd7 13. Bd4 Bb5 14. Re1 Rfc8 15. Nh4 b6 16. cxb6 axb6 17. f4 Ng6 18. Qg4
Nxh4 19. Qxh4 Rc6 20. Re3 Ba4 21. Qf2 {Eisermann,D (1966)-Kuehnemann,G (1639),
Berlin, Lichtenberger Sommer 2016, 1-0 (47)}) (6... Bd7 7. Be2 Nc6 8. Bf4 cxd4
9. Nxd4 Nge7 10. O-O a6 11. Nxc6 Bxc6 12. b4 Bc7 13. b5 axb5 14. Nxb5 Bxb5 15.
Bxb5+ Nc6 16. Qh5 Qd7 17. Rfd1 O-O-O 18. c4 Qe8 19. cxd5 Rxd5 20. Rxd5 exd5 21.
Qg4+ {Lang,M (1801)-Pueschel,G (1220), Berlin, Lichtenberger Sommer 2006, 1-0 
(54)}) 7. Qxd4 Ne7 8. Bg5 Nbc6 9. Bb5 Bd7 10. Bxc6 Bxc6 11. Qg4 Bxc3+ 12. bxc3
Qa5 13. Qb4 Qxb4 14. axb4 Ng6 15. Be3 f6 16. Bd4 Kf7 17. Kd2 a6 18. Rhe1 Bb5
19. g4 h6 20. Bc5 {(=)} Rac8 21. Bd6 Rc4 22. Nd4 Bd7 23. h3 Rhc8 24. Ra3 fxe5
25. Bxe5 Nxe5 26. Rxe5 Kf6 27. Re3 e5 28. Rf3+ Ke7 29. Re3 Kd6 30. Nf3 d4 31.
Rd3 Kd5 32. Ne1 h5 33. f3 hxg4 34. hxg4 Rh8 35. cxd4 exd4 36. c3 Rh2+ 37. Kd1
Bb5 38. Nc2 Rh1+ 39. Kd2 Rh2+ 40. Kc1 Rc8 41. Rxd4+ Ke6 42. Re4+ Kf6 43. Nd4
Bc4 44. Ra5 Bd3 45. Rf5+ Kg6 46. Re6+ Kh7 47. Rh5+ Rxh5 48. gxh5 Rxc3+ 49. Kd2
Ra3 50. Re3 1-0

[Event "Werner-Ott-Open Kreuzberger Sommer 2018"]
[Site "Berlin"]
[Date "2018.07.06"]
[Round "7.18"]
[White "Werner, Dimo"]
[Black "Guder, Sibylle"]
[Result "1/2-1/2"]
[WhiteElo "2012"]
[BlackElo "1750"]
[Annotator "Lange,A1&BB_R_640941"]
[PlyCount "65"]
[EventDate "2018.06.30"]
[EventType "swiss"]
[EventRounds "9"]
[EventCountry "GER"]
[SourceTitle "WOOKS_2018_R7"]
[Source "Andreas Lange"]
[SourceDate "2018.07.06"]
[SourceVersion "1"]
[SourceVersionDate "2018.07.06"]
[SourceQuality "1"]
[WhiteTeam "TSV Schott Mainz"]
[BlackTeam "SF Berlin 1903"]
[WhiteTeamCountry "GER"]
[BlackTeamCountry "GER"]

{D58: Damengambit (Tartakower-Variante)} 1. d4 d5 2. c4 e6 3. Nf3 Nf6 4. Nc3
Be7 5. Bg5 h6 6. Bh4 O-O 7. e3 b6 8. Rc1 Bb7 9. Bxf6 Bxf6 10. cxd5 exd5 11. Qb3
(11. Bd3 Re8 (11... c5 12. O-O Nc6 13. dxc5 bxc5 14. Nxd5 Bxb2 15. Rxc5 Ne5 16.
Nxe5 Bxe5 17. e4 Bxh2+ 18. Kh1 Bd6 {0-1 (18) Gebigke,M (2132)-Acikel,M (1944),
Berlin, BEM 2018 Klasse M}) 12. O-O c6 13. Re1 Nd7 14. e4 Nf8 15. Qa4 Ne6 16.
exd5 cxd5 17. Bf5 Ng5 18. Nxg5 Bxg5 19. Rxe8+ Qxe8 20. Qxe8+ Rxe8 21. Bg4 Bf6
22. g3 Bc6 23. a4 b5 24. Bf3 b4 25. Nxd5 {½-½ (25) Chuchelov,V (2475)
-Shneider,A (2535), Berliner Sommer 1994}) (11. b4 c6 12. Be2 Qd6 13. Qb3 Nd7
14. O-O Be7 15. Rb1 Nf6 16. Ne5 Rfb8 17. Nd3 Ba6 18. b5 Bxb5 19. Nxb5 cxb5 20.
Qxb5 Ne4 21. Rbc1 Rc8 22. Bg4 Rc3 23. Nf4 Rd8 24. Qb2 Qa3 25. Qxa3 Bxa3 26.
Rxc3 Nxc3 27. Ne2 Nxe2+ 28. Bxe2 Kf8 29. Rb1 Ke7 30. Rb5 Ke6 31. Bf3 g6 32. Kf1
Rd7 33. Ke2 Be7 34. Kd3 Rd6 35. a4 Bd8 36. Bd1 a6 37. Rb1 Rc6 38. Bb3 Kd6 39.
Kd2 Rc8 40. Rc1 Rxc1 {½-½ (40) Wisskirchen,W-Grzesik,F (2285), 1. Bundesliga
1984/85, Deutschland 1985}) 11... c6 12. Be2 Nd7 13. O-O Be7 14. Rfd1 Nf6 15.
Bf1 Bd6 16. g3 Qe7 17. Bg2 Rac8 18. Nd2 Bb8 19. Nf3 Rfe8 20. a3 Bd6 21. Nh4 Qd7
22. Qc2 g6 23. Qd3 Rcd8 24. Qf1 Bc8 25. Re1 Ne4 26. Nf3 Nxc3 27. Rxc3 c5 28.
dxc5 bxc5 29. Rd1 Bf8 30. Rc2 Qe7 31. Rcd2 Bb7 32. Ne1 Bg7 33. Bxd5 1/2-1/2

[Event "Werner-Ott-Open Kreuzberger Sommer 2018"]
[Site "Berlin"]
[Date "2018.07.06"]
[Round "7.19"]
[White "Kebbedies, Frank"]
[Black "Thaer, Abdulkadhim Ismaeel"]
[Result "0-1"]
[WhiteElo "1750"]
[BlackElo "1952"]
[Annotator "Lange,A1&BB_R_640941"]
[PlyCount "120"]
[EventDate "2018.06.30"]
[EventType "swiss"]
[EventRounds "9"]
[EventCountry "GER"]
[SourceTitle "WOOKS_2018_R7"]
[Source "Andreas Lange"]
[SourceDate "2018.07.06"]
[SourceVersion "1"]
[SourceVersionDate "2018.07.06"]
[SourceQuality "1"]
[WhiteTeam "vereinslos"]
[BlackTeam "SC Zugzwang 95"]
[BlackTeamCountry "GER"]

{E69: Königsindisch (Hauptvariante des g3-Systems mit e2-e4 und h2-h3)} 1. d4
Nf6 2. c4 g6 3. Nf3 Bg7 4. g3 O-O 5. Bg2 d6 6. Nc3 Nbd7 7. O-O c6 8. e4 e5 9.
h3 Re8 10. Re1 a6 11. Qc2 (11. Be3 b5 12. Qc2 Bb7 {1-0 (74) Schlemermeyer,W 
(2341)-Zschaebitz,K (2125), Berlin, Kreuzberg Open 2004}) 11... Qc7 12. Be3 Nf8
13. Rad1 Be6 14. b3 Nh5 15. d5 cxd5 16. Nxd5 Bxd5 17. Rxd5 Ne6 18. Rc1 Rec8 19.
Rd2 h6 20. Qd1 Bf8 21. Ne1 Nf6 22. Nd3 a5 23. Nb2 Ra6 24. Rdc2 Rc6 25. Na4 Ng5
26. Nc3 Qd7 27. Kh2 a4 28. f3 axb3 29. axb3 Ra6 30. Nb5 Rca8 31. Qd2 Ne6 32. b4
h5 33. h4 Ra4 34. Rb1 Qc6 35. Bf1 Kh7 36. Nc3 Ra1 37. Rcc1 Rxb1 38. Rxb1 Nc7
39. b5 Qe8 40. Nd5 Ncxd5 41. cxd5 Nd7 42. b6 Nc5 43. Bb5 Qc8 44. Rb2 Ra3 45.
Ra2 Nb3 46. Qb2 Rxa2 47. Qxa2 Qc3 48. Qf2 Bh6 49. Bxh6 Kxh6 50. Bd7 Nd4 51. f4
Qb3 52. f5 f6 53. fxg6 Kg7 54. g4 hxg4 55. Bxg4 Qxb6 56. Qd2 Qc7 57. h5 Qc2 58.
h6+ Kxg6 59. Bf5+ Kf7 60. Qxc2 Nxc2 {(unvollständig)} 0-1

[Event "Werner-Ott-Open Kreuzberger Sommer 2018"]
[Site "Berlin"]
[Date "2018.07.06"]
[Round "7.20"]
[White "Rollwitz, Juergen"]
[Black "Jansen, Robert"]
[Result "1-0"]
[WhiteElo "1949"]
[BlackElo "1748"]
[Annotator "Lange,A1&BB_R_640941"]
[PlyCount "97"]
[EventDate "2018.06.30"]
[EventType "swiss"]
[EventRounds "9"]
[EventCountry "GER"]
[SourceTitle "WOOKS_2018_R7"]
[Source "Andreas Lange"]
[SourceDate "2018.07.06"]
[SourceVersion "1"]
[SourceVersionDate "2018.07.06"]
[SourceQuality "1"]
[WhiteTeam "SC Rochade"]
[BlackTeam "SC Kreuzberg"]
[WhiteTeamCountry "GER"]
[BlackTeamCountry "GER"]

{D05: Damenbauernspiele (Colle-Aufbau)} 1. d4 d5 2. Nf3 Nf6 3. e3 e6 4. Bd3 c5
5. b3 Nc6 6. Ne5 $146 (6. Bb2 Bd6 (6... Qc7 7. a3 Bd6 8. Nbd2 e5 9. dxe5 Nxe5
10. Bb5+ Ke7 11. Be2 Rd8 12. h3 Kf8 13. O-O Qe7 14. Bd3 b6 15. Re1 Nxd3 16.
cxd3 Ba6 17. Qc2 Kg8 18. e4 dxe4 19. Nxe4 Nxe4 20. Rxe4 Qf8 21. Rd1 {Moser,A 
(2179)-Meister,J (2429), Berlin, BEM 2017 Klasse M, 0-1 (41)}) (6... b6 7. O-O
Be7 8. Nbd2 Nb4 9. Bb5+ Bd7 10. Be2 O-O 11. Ne5 Qc7 12. Nxd7 Nxd7 13. a3 Nc6
14. c4 dxc4 15. Nxc4 cxd4 16. exd4 Rac8 17. Rc1 Qb8 18. d5 exd5 19. Qxd5 Nf6
20. Qf5 Rcd8 21. Bxf6 {Rehder,F (1877)-Fiedler,R (1687), Berlin, Offene BSenEM
2017, ½-½}) 7. Nbd2 cxd4 (7... b6 8. O-O O-O 9. Ne5 Bb7 10. f4 Qe7 11. Rf3
cxd4 12. Nxc6 Bxc6 13. Bxd4 Bc5 14. Rh3 Bxd4 15. exd4 g6 16. Qf3 Qb4 17. Qf2
Ng4 18. Qh4 Qxd4+ 19. Kf1 Qxa1+ 20. Ke2 h5 21. Nf3 Qf6 22. Qg3 {Kleemeyer,O 
(1658)-Hoffmann,A (1281), Berlin, Gilette Open 2007 0-1}) 8. exd4 Nb4 (8... O-O
9. O-O Qc7 10. Re1 Bd7 11. c4 Nb4 12. Bf1 b6 13. a3 Nc6 14. Ne5 Ne7 15. Rc1 Qb7
16. Bd3 Rac8 17. Ndf3 Rfd8 18. Ng5 Be8 19. Qf3 h6 20. Nh3 Bc6 21. Nxc6 Rxc6 22.
Nf4 Qc7 23. Nh5 {Sauer,A (1501)-Steffens,O (1262), Oberhof, DEM 2012 U12, 0-1 
(95)}) 9. Be2 O-O 10. O-O Ne4 11. a3 Nc6 12. Ne5 Qh4 13. g3 Qh6 14. Nxe4 dxe4
15. Nc4 Bc7 16. Bc1 Qf6 17. c3 Qe7 18. Qc2 f5 19. a4 Rd8 20. f3 exf3 {Barna,A 
(2145)-Pohling,G, Oberliga Nord Ost 1998/99, Deutschland 1999 ½-½ (51)}) 6...
cxd4 7. exd4 Bd6 8. Bb2 Qc7 9. f4 O-O 10. O-O Nb4 11. Nd2 Nxd3 12. cxd3 Ne8 13.
g3 f6 14. Ng4 {(=)} Qf7 15. Nf2 f5 16. Nf3 Bd7 17. Ne5 Qe7 18. Nh3 Nf6 19. Ng5
Bxe5 20. dxe5 Ng4 21. Qd2 Rfc8 22. d4 b5 23. h3 Nh6 24. Rac1 b4 25. Rxc8+ Rxc8
26. Rc1 a5 27. Rxc8+ Bxc8 28. Qc1 Bb7 29. Qc5 Qxc5 30. dxc5 Bc8 31. Nf3 Nf7 32.
Nd4 Nd8 33. c6 Kf8 34. Kf2 Ke8 35. Ke3 h6 36. h4 Nf7 37. Nb5 Ke7 38. Kd4 Nd8
39. Kc5 Nf7 40. Kb6 Kd8 41. Kxa5 g5 42. Kxb4 gxf4 43. gxf4 h5 44. Bd4 Nh6 45.
Kc5 Ng4 46. Bg1 Nh6 47. Kd6 Nf7+ 48. Kc5 Ke7 49. Nd6 1-0

[Event "Werner-Ott-Open Kreuzberger Sommer 2018"]
[Site "Berlin"]
[Date "2018.07.06"]
[Round "7.25"]
[White "Rausch, Erik"]
[Black "Plaza Reino, Agustin"]
[Result "0-1"]
[WhiteElo "1711"]
[BlackElo "1923"]
[Annotator "Lange,A1&BB_R_640941"]
[PlyCount "52"]
[EventDate "2018.06.30"]
[EventType "swiss"]
[EventRounds "9"]
[EventCountry "GER"]
[SourceTitle "WOOKS_2018_R7"]
[Source "Andreas Lange"]
[SourceDate "2018.07.06"]
[SourceVersion "1"]
[SourceVersionDate "2018.07.06"]
[SourceQuality "1"]
[WhiteTeam "SC Kreuzberg"]
[BlackTeam "Enniscorthy CC"]
[WhiteTeamCountry "GER"]
[BlackTeamCountry "IRL"]

{A13: Reti-Eröffnung} 1. Nf3 d5 2. c4 e6 3. g3 Nf6 4. Bg2 c6 5. b3 Nbd7 6. Bb2
Bd6 7. O-O O-O 8. cxd5 $146 (8. e3 Re8 9. d3 e5 10. cxd5 cxd5 11. Nc3 b6 12.
Rc1 Ba6 13. Re1 Rc8 14. Qc2 b5 15. a3 b4 16. axb4 Bxb4 17. Red1 Qa5 18. Ra1 Qb6
19. Rdc1 Re6 20. Qd1 Rec6 21. Na4 Qb8 22. Rxc6 Rxc6 {Thiele,M-Menzel,M,
Pinneberg, DEM 1996 U13, 1-0 (49)}) (8. Nc3 Re8 9. d4 b6 10. Qc2 (10. cxd5 Nxd5
11. Nxd5 cxd5 12. Qd3 a5 13. Rfc1 Ba6 14. Qd1 Rc8 15. Bf1 Qe7 16. e3 Nb8 17.
Bxa6 Nxa6 18. Ne1 Ba3 19. Qe2 Bxb2 20. Qxb2 Qd7 21. Qe2 Nb4 22. a3 Nc6 23. Qb5
Qb7 24. b4 Na7 {Salz,M (1577)-Tobianski,F (1628), Oberhof, Offene DEM 2012 U25
A, ½-½ (68)}) 10... Bb7 11. e4 e5 (11... Nxe4 12. Nxe4 dxe4 13. Qxe4 Nf6 14.
Qe2 c5 15. Rfd1 Qe7 16. dxc5 Bxc5 17. Ne5 Bxg2 18. Kxg2 Qb7+ 19. Qf3 Qxf3+ 20.
Kxf3 Red8 21. g4 Rac8 22. g5 Ne8 23. h4 f6 24. gxf6 gxf6 25. Nd3 Bd4 26. Bxd4 {
Schneider,C (2220)-Schnabel,B (2044), Berlin, Lichtenberger Sommer 2016, 1-0 
(58)}) 12. dxe5 Nxe5 13. Nxe5 Bxe5 14. exd5 cxd5 15. Rad1 Rc8 16. Qd2 Rc7 17.
Nxd5 Nxd5 18. cxd5 Rd7 19. Bxe5 Rxe5 20. Rfe1 Rxe1+ 21. Qxe1 Rd6 22. Qe5 f6 {
Klimm,W (2276)-Kramer,J (2115), Berlin, 2. Bundesliga Nord 2013/14, 2013 1-0 
(38)}) 8... exd5 9. d3 Re8 10. Nbd2 Ne5 11. Re1 Bg4 12. h3 Bh5 13. Qc2 Qb6 14.
Rac1 Nxf3+ 15. Nxf3 Bxf3 16. Bxf6 Bxg2 17. Kxg2 gxf6 18. e3 Re5 19. d4 Rg5 20.
h4 Rg6 21. Qf5 Qc7 22. f4 Qc8 23. Qxc8+ Rxc8 24. Kf3 f5 25. Rg1 Re8 26. Rce1 h5
0-1

[Event "Werner-Ott-Open Kreuzberger Sommer 2018"]
[Site "Berlin"]
[Date "2018.07.07"]
[Round "8.5"]
[White "Dathe, Frederick"]
[Black "Wierzbicki, Jirawat"]
[Result "0-1"]
[WhiteElo "1895"]
[BlackElo "2161"]
[Annotator "Lange,A1&BB_R_640941"]
[PlyCount "86"]
[EventDate "2018.06.30"]
[EventType "swiss"]
[EventRounds "9"]
[EventCountry "GER"]
[SourceTitle "WOOKS_2018_R8"]
[Source "Andreas Lange"]
[SourceDate "2018.07.07"]
[SourceVersion "1"]
[SourceVersionDate "2018.07.07"]
[SourceQuality "1"]
[WhiteTeam "SC Kreuzberg"]
[BlackTeam "SK Koenig Tegel 1949"]
[WhiteTeamCountry "GER"]
[BlackTeamCountry "GER"]

{A09: Reti-Eröffnung} 1. Nf3 d5 2. c4 dxc4 3. e3 Be6 4. Na3 (4. Ng5 {1-0 (34)
Malek,D (2383)-Wierzbicki,J (2161), Berlin, WOOKS 2018 Runde 7}) 4... Nf6 $146
(4... c5 5. Nxc4 Nc6 6. b3 Bd5 7. Bb2 f6 8. d4 cxd4 9. Nxd4 e5 10. Nb5 {
1-0 (32) Espig,L (2455)-Sher,M (2535), Berliner Sommer 1993}) 5. Nxc4 Bd5 6. b3
e6 7. Bb2 Be7 8. Be2 O-O 9. O-O c5 10. Rc1 b6 11. Qc2 Nc6 12. Rfd1 Nb4 13. Qb1
Rc8 14. a3 Bxf3 15. gxf3 Nc6 16. Ne5 Nxe5 17. Bxe5 Bd6 18. d4 Bxe5 19. dxe5 Nd5
20. Kh1 Qh4 21. Rf1 Rfd8 22. Rc4 Qe7 23. Rg1 Nc7 24. Rcg4 {(=)} Ne8 25. Bd3 g6
26. f4 Ng7 27. e4 Rc7 28. Bb5 Rd2 29. Rd1 Qd8 30. Rgg1 h5 31. f5 exf5 32. Rxd2
Qxd2 33. exf5 Qd5+ 34. Rg2 Nxf5 35. Qxf5 Qxg2+ 36. Kxg2 gxf5 37. Kg3 a6 38.
Bxa6 Ra7 39. Bc4 Rxa3 40. Kh4 b5 41. Bd5 c4 42. bxc4 bxc4 43. e6 Kf8 0-1

[Event "Werner-Ott-Open Kreuzberger Sommer 2018"]
[Site "Berlin"]
[Date "2018.07.07"]
[Round "8.9"]
[White "Kauschmann, Herbert"]
[Black "Rollwitz, Juergen"]
[Result "1/2-1/2"]
[WhiteElo "2162"]
[BlackElo "1949"]
[Annotator "Lange,A1&BB_R_640941"]
[PlyCount "48"]
[EventDate "2018.06.30"]
[EventType "swiss"]
[EventRounds "9"]
[EventCountry "GER"]
[SourceTitle "WOOKS_2018_R8"]
[Source "Andreas Lange"]
[SourceDate "2018.07.07"]
[SourceVersion "1"]
[SourceVersionDate "2018.07.07"]
[SourceQuality "1"]
[WhiteTeam "BSC Rehberge 1945"]
[BlackTeam "SC Rochade"]
[WhiteTeamCountry "GER"]
[BlackTeamCountry "GER"]

{B07: Pirc-Ufimzew-Verteidigung} 1. e4 d6 2. d4 e5 3. c3 Be7 4. Bc4 Nf6 5. Qe2
O-O 6. Nf3 Nbd7 7. Bb3 c6 8. O-O Qc7 (8... h6 9. Rd1 Qc7 10. Nbd2 g6 11. Nf1
Kg7 12. Ng3 c5 13. h3 Rb8 14. Nh4 Nb6 15. Nf3 Bd7 16. Nh2 Rbe8 17. dxe5 dxe5
18. Nhf1 c4 19. Bc2 Bc5 20. Ne3 Be6 21. b4 Be7 22. a4 Rd8 23. a5 Nc8 24. Nef1
Rxd1 25. Bxd1 Rh8 26. Be3 Ne8 27. Bc2 Bg5 28. Nd2 Ned6 29. Ba4 Rd8 30. Nf3 Bf6
31. Rd1 {½-½ (31) Sarbok,T (2215)-Brameyer,H (2290), Oberliga Nord Ost 1996/
97, Deutschland 1996}) 9. Nbd2 Nb6 10. dxe5 dxe5 11. h3 Bc5 12. Re1 Qe7 13. Nf1
Be6 14. Ng3 g6 15. Bh6 Rfe8 16. Bc2 Qc7 17. b3 Bf8 18. Qe3 Nfd7 19. Rad1 f6 20.
Bxf8 Nxf8 21. c4 Red8 22. c5 Rxd1 23. Rxd1 Nbd7 24. a4 Qa5 1/2-1/2